| 000 | 00855nam a22002177a 4500 | ||
|---|---|---|---|
| 003 | JO-AjAnu | ||
| 005 | 20241019110349.0 | ||
| 008 | 241019b jo ||||| |||| 00| 0 ara d | ||
| 020 | _a9789779101316 | ||
| 040 |
_aJO-AjAnu _bara _cJO-AjAnu _dJO-AjAnu _erda |
||
| 041 |
_aara _hara |
||
| 050 |
_aN72. _bS6.H3 2015 |
||
| 100 | 1 |
_aهاوزر، ارنولد _eمؤلف _966313 |
|
| 245 | 0 |
_aالفن والمجتمع عبر التاريخ، الجزء الثاني / _cتأليف ارنولد هاوزر؛ ترجمة فؤاد زكريا |
|
| 260 |
_aالاسكندرية : _bدار الوفاء لدنيا الطباعة والنشر، _c2015 |
||
| 300 | _a588 صفحة | ||
| 504 | _aيحتوي على صور | ||
| 650 | 7 | 0 |
_aالفن والمجتمع-الفن-تاريخ _966315 |
| 700 | 1 |
_aزكريا، فؤاد _eمترجم _966316 |
|
| 942 |
_2lcc _cBK _n0 |
||
| 999 |
_c33757 _d33757 |
||